Statistics for Fast Typing to 100 With a Yellow Box

Click here to take the quiz!

General Stats

  • This quiz has been taken 257 times
  • The average score is 87 of 100

Answer Stats

#% Correct
1
100%
5
99%
2
99%
4
99%
3
99%
6
98%
8
98%
7
98%
9
97%
10
96%
11
95%
12
94%
15
93%
16
93%
14
93%
13
93%
30
92%
40
92%
39
92%
38
92%
37
92%
36
92%
35
92%
34
92%
33
92%
32
92%
31
92%
41
92%
28
92%
29
92%
21
92%
27
92%
18
92%
19
92%
20
92%
17
92%
22
92%
23
92%
24
92%
25
92%
26
92%
42
91%
43
91%
44
91%
45
91%
46
91%
47
91%
48
91%
49
91%
53
90%
54
90%
51
90%
50
90%
52
90%
55
89%
56
89%
57
89%
58
89%
59
89%
60
88%
61
88%
62
88%
65
87%
63
87%
64
87%
66
85%
67
83%
68
83%
69
83%
70
83%
78
82%
75
82%
76
82%
77
82%
74
82%
73
82%
72
82%
71
82%
79
81%
80
80%
81
77%
82
77%
83
77%
84
77%
85
77%
86
75%
88
73%
87
73%
89
70%
90
70%
91
70%
92
69%
93
69%
94
68%
95
68%
96
68%
97
67%
98
66%
99
66%
100
63%

Score Distribution

Percentile by Number Answered

Percent of People with Each Score

Your Score History

You have not taken this quiz